| 000 | 00569nam a22002177a 4500 | ||
|---|---|---|---|
| 003 | Ost | ||
| 005 | 20240801144207.0 | ||
| 008 | 240801b |||||||| |||| 00| 0 eng d | ||
| 020 | _a9789389802948 | ||
| 040 | _cBT-PhCST | ||
| 050 | _a25017-25026 | ||
| 082 |
_222 _a620.1 _bBHA |
||
| 100 | _aBhavikatti, S. S. | ||
| 245 | _aEngineering mechanics : | ||
| 250 | _a9 ed. | ||
| 260 |
_aNew Delhi : _bNew Age International, _cc2024. |
||
| 300 |
_axiii, 520 p. ; _bill. ; _c24 cm. |
||
| 500 | _aIncludes index. | ||
| 700 | _a Rajashekarappa, K. G. | ||
| 942 |
_2ddc _cCIVIL |
||
| 999 |
_c9821 _d9821 |
||